Statistics for Dude Perfect Quiz

Click here to take the quiz!

General Stats

  • This quiz has been taken 147 times
    (124 since last reset)
  • The average score is 9 of 10

Answer Stats

HintAnswer% Correct
Who has won the least amount of battles?Coby Cotton
100%
What are the names of the five members?Coby Cotton
100%
What are the names of the five members?Cody Jones
100%
What are the names of the five members?Cory Cotton
99%
What color does Garrett mostly wear?Purple
99%
What are the names of the five members?Tyler Toney
99%
Who has won the most amount of battles?Tyler Toney
99%
What are the names of the five members?Garrett Hilbert
96%
What is the mascot of the channel?Panda
96%
What sport trick shot video has given them the most amount of views?Ping Pong
48%

Score Distribution

Percentile by Number Answered

Percent of People with Each Score

Your Score History

You have not taken this quiz since the last reset